Normal view MARC view
  • Cytology

Entry Topical Term

Number of records used in: 4

001 - CONTROL NUMBER

  • control field: 913

003 - CONTROL NUMBER IDENTIFIER

  • control field: NUST

005 - DATE AND TIME OF LATEST TRANSACTION

  • control field: 20170516140114.0

008 - FIXED-LENGTH DATA ELEMENTS

  • fixed length control field: 170516|| aca||aabn | a|a d

040 ## - CATALOGING SOURCE

  • Original cataloging agency: NUST
  • Transcribing agency: NUST

150 ## - HEADING--TOPICAL TERM

  • Topical term or geographic name entry element: Cytology
  • Form subdivision: Software.

670 ## - SOURCE DATA FOUND

  • Source citation: Work cat.: (NUST)0: Van Buskirk, Robert Grenville. 912, An electronic companion to molecular cell biology, c1997.
© 2023 Central Library, National University of Sciences and Technology. All Rights Reserved.